Born in...1975 Quiz Stats

 Plays Quiz Updated Aug 17, 2014

Also try: Born in... 1970
Challenge
Share
Tweet
Score 0/20 Timer 05:00
2 Plays Today
Personality % Correct
Tiger Woods
93.8%
David Beckham
90.5%
Angelina Jolie
89.1%
Drew Barrymore
84.2%
Russell Brand
78.4%
Bradley Cooper
75.9%
Kate Winslet
69.9%
Fergie Duhamel
69.5%
50 Cent
66.3%
Tobey Maguire
65.7%
Personality % Correct
Charlize Theron
65.3%
Eva Longoria
65.3%
Michael Bublé
52.1%
Enrique Iglesias
51.4%
Jamie Oliver
44.3%
Allen Iverson
42.9%
Ray Lewis
40.4%
Johnny Galecki
35.8%
Milla Jovovich
34.7%
Marion Cotillard
26.6%

You're not logged in!

Compare scores with friends on all Sporcle quizzes.
Join for Free
OR
Log In

You Might Also Like...

Show Comments

Extras

Top Quizzes Today


Score Distribution

Your Account Isn't Verified!

In order to create a playlist on Sporcle, you need to verify the email address you used during registration. Go to your Sporcle Settings to finish the process.

Report this User

Report this user for behavior that violates our Community Guidelines.

Details: